000
00187nam a22000857a 4500
001
1236206
005
20251001145219.0
245
_a
UÇAN MOTOR
_c
GÜLTEN DAYIOĞLU
260
_b
ALTIN KİTAPLAR
999
_c
1236206
_d
1236206